000 00259nam a2200121Ia 4500
008 190216s9999||||xx |||||||||||||| ||und||
100 _aDr.Srithamshu
245 0 _aHindi-Rog Aur Upachar
260 _bParag
300 _a158
650 _aHindi
942 _cBK
999 _c16366
_d16366